Top 37 ♂️ Vornamen der 1890er Jahre - Statistiken

Allgemein
  • Dieses Quiz wurde 33 mal gespielt
    15 seit der letzten Aktualisierung
  • Das Durchschnittsergebnis liegt bei 33 aus 37
Antwortstatistiken
📍 Vorname % Korrekt
A.o.f Adolf
100%
F.i.d.i.h Friedrich
100%
Ha.s Hans
100%
Ka.l Karl
100%
M.x Max
100%
Ot.o Otto
100%
P.t.r Peter
100%
A.b..t Albert
93%
E.n.t Ernst
93%
F.a.z Franz
93%
F.i.z Fritz
93%
G.o.g Georg
93%
Gu.t.v Gustav
93%
H.i.r..h Heinrich
93%
J.h..n Johann
93%
Lu.w.g Ludwig
93%
Pa.l Paul
93%
R.c.a.d Richard
93%
R.d..f Rudolf
93%
Wa.t.r Walter
93%
Wi.h..m Wilhelm
93%
W.l.i Willi
93%
W.l.i.m William
93%
E.i.h Erich
86%
He.m..n Hermann
86%
J.h.n..s Johannes
86%
J.s.f Josef
86%
Ku.t Kurt
86%
O.k.r Oskar
86%
T.e.d.r Theodor
86%
A.g..t August
79%
Em.l Emil
79%
R.b..t Robert
79%
A.f..d Alfred
71%
Hu.o Hugo
71%
C.a.l.s Charles
64%
A.t..r Arthur
43%
Keine übereinstimmenden Quizze gefunden
Verteilung der Resultate
Anzahl Personen mit jedem Resultat
Perzentil nach korrekt beantworteten Fragen
Ihre Resultats-Entwicklung
Sie haben dieses Quiz seit der letzten Aktualisierung nicht gespielt